Developing Managerial Skills In Organizational Behavior (Record no. 6867)
[ view plain ]
| 000 -LEADER | |
|---|---|
| fixed length control field | 00274nam a2200109Ia 4500 |
| 020 ## - INTERNATIONAL STANDARD BOOK NUMBER | |
| ISBN | 978-0132081900 |
| 100 ## - MAIN ENTRY--AUTHOR NAME | |
| Personal name | Lisa A. Mainiero |
| 245 #0 - TITLE STATEMENT | |
| Title | Developing Managerial Skills In Organizational Behavior |
| 260 ## - PUBLICATION, DISTRIBUTION, ETC. (IMPRINT) | |
| Place of publication | New Delhi |
| Name of publisher | Mc Graw Hill |
| Year of publication | 1994 |
| 300 ## - PHYSICAL DESCRIPTION | |
| Number of Pages | 491 |
| 942 ## - ADDED ENTRY ELEMENTS (KOHA) | |
| Koha item type | Books |
| Withdrawn status | Lost status | Collection code | Permanent Location | Current Location | Shelving location | Date acquired | Full call number | Accession Number | Koha item type |
|---|---|---|---|---|---|---|---|---|---|
| | | Management | MAJU | MAJU | | 2019-09-11 | 658.34 | 362 | Management |